When you hear hoofbeats, think of a zebra : talks on Sufism /

محفوظ في:

المؤلف الرئيسي: Friedlander, Shems (مؤلف)

التنسيق: كتاب

اللغة: English

منشور في: Costa Mesa, California : Mazda Publishers, 1992.

الموضوعات:

الوسوم: إضافة وسم

لا توجد وسوم, كن أول من يضع وسما على هذه التسجيلة!

رقم الطلب: BP189.62 .F75 1992

LEADER 00669nam a2200229 a 4500
001 5914
003 OSt
005 20251005072745.0
008 130303s1992 cau 000 0 eng d
020 |a 0939214067  
035 |a (OCoLC)27645230 
035 |a 1543248 
040 |c ARCE Library 
050 4 |a BP189.62 .F75 1992 
100 1 |a Friedlander, Shems,   |e author,   |9 30309 
245 1 0 |a When you hear hoofbeats, think of a zebra :   |b talks on Sufism /   |c by Shems Friedlander. 
264 1 |a Costa Mesa, California :   |b Mazda Publishers,   |c 1992. 
300 |a xiii, 161 pages ;   |c 22 cm. 
650 0 |a Sufi meditations. 
901 |a reviewed 
942 |c BK  |2 lcc 
999 |c 6037  |d 6037